|
|
|
|
| LEADER |
00000nam a22000005a 4500 |
| 001 |
10582 |
| 003 |
CL-ChBUA |
| 005 |
20120815103252.0 |
| 008 |
070301s1999 cl 000 0dspa |
| 020 |
|
|
|a 9213214863
|
| 040 |
|
|
|a CL-ChBUA
|c CL-ChBUA
|
| 082 |
0 |
0 |
|a 352
|
| 090 |
|
|
|c 10582
|d 10582
|
| 100 |
1 |
|
|a Boisier, Sergio.
|
| 245 |
1 |
0 |
|a Teorías y metáforas sobre el desarrollo territorial
|
| 260 |
|
|
|b Cepal.
|c 1999.
|
| 300 |
|
|
|a 113 p.
|c 22 cm.
|
| 504 |
|
|
|a Bibl. pp. 109-113; índice.
|
| 650 |
|
4 |
|a REGIONALIZACION.
|
| 650 |
|
4 |
|a DESARROLLO DE LA COMUNIDAD.
|
| 942 |
|
|
|c LIB
|
| 952 |
|
|
|0 0
|1 0
|4 0
|7 0
|9 15398
|a UNACH
|b UNACH
|c 300
|d 2007-03-05
|i 32.591.
|l 0
|o 352 / B 682.
|p 16397
|r 2025-11-20 16:46:09
|u 15398
|w 2012-08-08
|y LIB
|k 352 / B 682.
|
| 999 |
|
|
|c 10582
|d 10582
|